[Event "European Team Championship 2019"]
[Site "Batumi GEO"]
[Date "2019.10.25"]
[Round "2"]
[White "Papaioannou, Ioannis"]
[Black "Giri, Anish"]
[Result "0-1"]
[WhiteElo "2645"]
[BlackElo "2780"]
[PlyCount "82"]
[EventDate "2019.10.24"]
[WhiteTeam "Greece"]
[BlackTeam "Netherlands"]

1. d4 Nf6 2. Nf3 g6 3. Bf4 Bg7 4. Nbd2 O-O 5. c3 d6 6. e4 Nbd7 7. Be2 b6 8. O-O
Bb7 9. Qc2 e5 10. Bg5 h6 11. Bh4 Qe8 12. Rfe1 Nh5 13. Rad1 Kh8 14. dxe5 dxe5
15. Nc4 Nc5 16. Nfd2 Bf6 17. Bxf6+ Nxf6 18. f3 Kg7 19. b4 Ncd7 20. Nb3 h5 21.
Qd2 h4 22. Qg5 Rh8 23. Rd2 Qe6 24. Red1 b5 25. Nd6 Rh5 26. Qe3 cxd6 27. Rxd6
Qe7 28. Bxb5 Nf8 29. Nc5 Rb8 30. a4 Rh8 31. Bc4 Bc8 32. a5 Nh5 33. Bf1 Nf4 34.
Kh1 Nh7 35. b5 Nf6 36. Kg1 N6h5 37. Kf2 Qg5 38. Qd2 Ng3 39. hxg3 hxg3+ 40. Ke3
Rh2 41. Qc1 Bh3 0-1

[Event "European Team Championship 2019"]
[Site "Batumi GEO"]
[Date "2019.10.25"]
[Round "2"]
[White "Ragger, Markus"]
[Black "Andreikin, Dmitry"]
[Result "1/2-1/2"]
[WhiteElo "2684"]
[BlackElo "2741"]
[PlyCount "61"]
[EventDate "2019.10.24"]
[WhiteTeam "Austria"]
[BlackTeam "Russia"]

1. e4 e6 2. d4 d5 3. Nd2 c5 4. Ngf3 cxd4 5. Nxd4 Nc6 6. Bb5 Bd7 7. Nxc6 bxc6 8.
Bd3 Bd6 9. Qe2 Qc7 10. Nf3 dxe4 11. Qxe4 Nf6 12. Qh4 h6 13. O-O c5 14. Nd2 Nd5
15. Nc4 Bf4 16. g3 Bxc1 17. Raxc1 Bc6 18. Rfe1 O-O 19. Qe4 Nf6 20. Qe5 Qxe5 21.
Nxe5 Bb7 22. Bf1 Rfd8 23. Rcd1 Rab8 24. b3 Be4 25. Bg2 Bxg2 26. Kxg2 Rbc8 27.
c4 Kf8 28. f4 a5 29. Kf3 Rxd1 30. Rxd1 Ke7 31. Ke3 1/2-1/2

[Event "European Team Championship 2019"]
[Site "Batumi GEO"]
[Date "2019.10.25"]
[Round "2"]
[White "Vitiugov, Nikita"]
[Black "Dragnev, Valentin"]
[Result "1-0"]
[WhiteElo "2732"]
[BlackElo "2550"]
[PlyCount "77"]
[EventDate "2019.10.24"]
[WhiteTeam "Russia"]
[BlackTeam "Austria"]

1. c4 e5 2. g3 Nf6 3. Bg2 Bc5 4. Nc3 c6 5. e4 O-O 6. Nge2 Re8 7. O-O Na6 8. d4
exd4 9. Nxd4 d5 10. exd5 Bg4 11. Nf3 cxd5 12. cxd5 Qd7 13. Bg5 Ne4 14. Nxe4
Rxe4 15. Re1 Rxe1+ 16. Qxe1 Re8 17. Qd2 Bb4 18. Qd3 Bf5 19. Qb3 Bc5 20. Re1
Rxe1+ 21. Nxe1 Bb6 22. Qc4 Nc7 23. Bf4 Nb5 24. Nc2 Nd6 25. Qb4 Bxc2 26. Bxd6
Qf5 27. Bc5 Bxc5 28. Qxc5 h5 29. Qd4 Qc8 30. Qxa7 h4 31. Qd4 h3 32. Bf1 Bf5 33.
f3 Bd7 34. g4 Qc1 35. Kf2 Qc2+ 36. Kg3 Qb1 37. Bd3 Qxa2 38. Kxh3 Qa1 39. Qe5
1-0

[Event "European Team Championship 2019"]
[Site "Batumi GEO"]
[Date "2019.10.26"]
[Round "3"]
[White "Ivanchuk, Vassily"]
[Black "Mamedyarov, Shakhriyar"]
[Result "1/2-1/2"]
[WhiteElo "2686"]
[BlackElo "2767"]
[PlyCount "119"]
[EventDate "2019.10.24"]
[WhiteTeam "Ukraine"]
[BlackTeam "Azerbaijan"]

1. Nf3 Nf6 2. c4 c5 3. g3 g6 4. Bg2 Bg7 5. O-O O-O 6. Nc3 d5 7. cxd5 Nxd5 8.
Nxd5 Qxd5 9. d3 Nc6 10. Be3 Bd7 11. Nd4 Qd6 12. Nxc6 Bxc6 13. Bxc6 Qxc6 14. Rc1
Qe6 15. Rxc5 Qxa2 16. Rb5 b6 17. Qb3 Qa6 18. Rb4 Rfc8 19. Ra4 Qb7 20. Rfa1 h5
21. h4 Bf6 22. g4 Qd7 23. gxh5 gxh5 24. Kh2 Qe6 25. Rg1+ Kh7 26. Qxe6 fxe6 27.
Rb4 Rc2 28. Rb5 e5 29. d4 Rg8 30. dxe5 Rxb2 31. Rd5 e6 32. Rd7+ Rg7 33. Rgxg7+
Bxg7 34. Kg3 Kg6 35. f4 Rxe2 36. Kf3 Rc2 37. Rxa7 Bf8 38. Bxb6 Rc3+ 39. Ke4
Rc4+ 40. Kf3 Rc3+ 41. Ke2 Rh3 42. Bf2 Bh6 43. Be3 Bf8 44. f5+ exf5 45. Ra6+ Kh7
46. Bg5 f4 47. Bxf4 Rxh4 48. Kf3 Rh1 49. Ke4 h4 50. Kf5 h3 51. Ra7+ Kg8 52. Ra8
Rf1 53. Kg4 Kf7 54. Bg3 Ke6 55. Kxh3 Bg7 56. Kg4 Rg1 57. Ra6+ Kd5 58. e6 Bf8
59. Kh3 Be7 60. Ra4 1/2-1/2

[Event "European Team Championship 2019"]
[Site "Batumi GEO"]
[Date "2019.10.26"]
[Round "3"]
[White "Aronian, Levon"]
[Black "Navara, David"]
[Result "1/2-1/2"]
[WhiteElo "2758"]
[BlackElo "2717"]
[PlyCount "83"]
[EventDate "2019.10.24"]
[WhiteTeam "Armenia"]
[BlackTeam "Czech Republic"]

1. e4 c6 2. Nf3 d5 3. d3 dxe4 4. dxe4 Qxd1+ 5. Kxd1 f6 6. Ne1 e5 7. Bc4 Nd7 8.
f3 Nc5 9. Be3 Be6 10. Nd2 Bxc4 11. Nxc4 O-O-O+ 12. Ke2 Kb8 13. Nd3 Nxd3 14.
Rad1 Ne7 15. cxd3 Ng6 16. g3 Bd6 17. Nxd6 Rxd6 18. h4 h5 19. f4 Rd7 20. f5 Ne7
21. g4 hxg4 22. Rdg1 Nc8 23. Rxg4 Nd6 24. Rhg1 Ne8 25. Rd1 b6 26. d4 exd4 27.
Rxd4 Rxd4 28. Bxd4 c5 29. Bf2 Kc7 30. Kf3 Kc6 31. Rg6 c4 32. Rg4 a6 33. e5 b5
34. Ke4 Rh5 35. Bg3 b4 36. Ke3 fxe5 37. Rxc4+ Kd5 38. Re4 Rxf5 39. Rxb4 Nd6 40.
Ra4 Nc4+ 41. Ke2 Nxb2 42. Rxa6 1/2-1/2

[Event "European Team Championship 2019"]
[Site "Batumi GEO"]
[Date "2019.10.26"]
[Round "3"]
[White "Giri, Anish"]
[Black "Anton Guijarro, David"]
[Result "1-0"]
[WhiteElo "2780"]
[BlackElo "2674"]
[PlyCount "55"]
[EventDate "2019.10.24"]
[WhiteTeam "Netherlands"]
[BlackTeam "Spain"]

1. e4 e5 2. Nf3 Nc6 3. Bc4 Bc5 4. O-O Nf6 5. d3 d6 6. c3 a5 7. Re1 O-O 8. h3 h6
9. Nbd2 Be6 10. Bb5 Qb8 11. Bxc6 bxc6 12. d4 exd4 13. cxd4 Bb6 14. a4 Re8 15.
Ra3 Qb7 16. Rae3 Rab8 17. b3 Ba7 18. Bb2 d5 19. e5 Nd7 20. Nh4 c5 21. Rg3 Qa6
22. Qh5 Kh8 23. Bc1 Rg8 24. Ndf3 Nf8 25. Bxh6 g6 26. Nxg6+ fxg6 27. Qh4 Nh7 28.
Ng5 1-0

[Event "European Team Championship 2019"]
[Site "Batumi GEO"]
[Date "2019.10.26"]
[Round "3"]
[White "Andreikin, Dmitry"]
[Black "Gledura, Benjamin"]
[Result "1-0"]
[WhiteElo "2741"]
[BlackElo "2654"]
[PlyCount "81"]
[EventDate "2019.10.24"]
[WhiteTeam "Russia"]
[BlackTeam "Hungary"]

1. d4 d5 2. Nf3 Nf6 3. c4 c6 4. e3 Bf5 5. Nc3 e6 6. Nh4 Bg6 7. Be2 Nbd7 8. O-O
Bd6 9. g3 O-O 10. Nxg6 hxg6 11. Qb3 Rb8 12. Rd1 Qe7 13. Bd2 g5 14. Rac1 Ne4 15.
Nxe4 dxe4 16. Ba5 b6 17. Bc3 c5 18. Qa4 cxd4 19. exd4 f5 20. Qxa7 Ra8 21. Qb7
Rab8 22. Qc6 Rbc8 23. Qb5 f4 24. c5 bxc5 25. dxc5 Rxc5 26. Qa6 Be5 27. Bg4 Kh8
28. Bb4 fxg3 29. hxg3 Qf6 30. Qf1 Rxc1 31. Rxc1 Rb8 32. Be7 Qh6 33. b3 e3 34.
Kg2 Bb2 35. Rb1 Ne5 36. Qe2 Qg6 37. Rxb2 Nd3 38. Rc2 Re8 39. Bh5 Qe4+ 40. f3
Ne1+ 41. Kf1 1-0

[Event "European Team Championship 2019"]
[Site "Batumi GEO"]
[Date "2019.10.26"]
[Round "3"]
[White "Erdos, Viktor"]
[Black "Vitiugov, Nikita"]
[Result "1/2-1/2"]
[WhiteElo "2604"]
[BlackElo "2732"]
[PlyCount "21"]
[EventDate "2019.10.24"]
[WhiteTeam "Hungary"]
[BlackTeam "Russia"]

1. Nf3 d5 2. d4 Nf6 3. c4 e6 4. Nc3 c6 5. Qb3 Nbd7 6. Bf4 Be7 7. e3 Nh5 8. Be5
Nhf6 9. Bf4 Nh5 10. Be5 Nhf6 11. Bf4 1/2-1/2

[Event "European Team Championship 2019"]
[Site "Batumi GEO"]
[Date "2019.10.26"]
[Round "3"]
[White "Alekseenko, Kirill"]
[Black "Berkes, Ferenc"]
[Result "1/2-1/2"]
[WhiteElo "2674"]
[BlackElo "2667"]
[PlyCount "90"]
[EventDate "2019.10.24"]
[WhiteTeam "Russia"]
[BlackTeam "Hungary"]

1. e4 d6 2. d4 Nf6 3. Nc3 e5 4. Nf3 Nbd7 5. Bc4 Be7 6. O-O O-O 7. Re1 c6 8. a4
h6 9. h3 Re8 10. Ba2 exd4 11. Nxd4 Bf8 12. Bf4 Nc5 13. Qf3 Ne6 14. Bxe6 Bxe6
15. Rad1 d5 16. e5 Nd7 17. Nce2 Nc5 18. b3 Qh4 19. Qe3 a6 20. f3 Bd7 21. Qd2 f6
22. Bg3 Qg5 23. Qxg5 hxg5 24. exf6 gxf6 25. Bf2 Kf7 26. g4 Rad8 27. Kg2 Bc8 28.
h4 gxh4 29. Bxh4 Ne6 30. Nf5 c5 31. Bg3 Ng5 32. Bc7 Bxf5 33. gxf5 Rd7 34. Bg3
d4 35. Nf4 Rxe1 36. Rxe1 b5 37. axb5 axb5 38. Ne6 d3 39. Nxf8 Kxf8 40. cxd3
Rxd3 41. Bf2 Rxf3 42. Bxc5+ Kg7 43. b4 Rxf5 44. Re7+ Kg6 45. Rb7 Ne4 1/2-1/2

[Event "European Team Championship 2019"]
[Site "Batumi GEO"]
[Date "2019.10.26"]
[Round "3"]
[White "Prohaszka, Peter2"]
[Black "Matlakov, Maxim"]
[Result "1/2-1/2"]
[WhiteElo "2610"]
[BlackElo "2716"]
[PlyCount "65"]
[EventDate "2019.10.24"]
[WhiteTeam "Hungary"]
[BlackTeam "Russia"]

1. Nf3 d5 2. g3 Bg4 3. Bg2 c6 4. c4 e6 5. O-O Nf6 6. d3 dxc4 7. dxc4 Qxd1 8.
Rxd1 Nbd7 9. Bf4 O-O-O 10. Nc3 Be7 11. Rac1 Bxf3 12. exf3 Nc5 13. Bf1 a5 14.
Be2 Nfd7 15. Be3 e5 16. f4 exf4 17. Bxf4 Ne6 18. Bd2 Ndc5 19. Be3 f5 20. Rxd8+
Rxd8 21. Rd1 Bf6 22. Rxd8+ Kxd8 23. Bd2 Kc7 24. Kf1 Kd6 25. Ke1 g6 26. Kd1 h5
27. h4 f4 28. Bf3 fxg3 29. fxg3 Be5 30. Ne4+ Nxe4 31. Bxe4 Bxg3 32. Bxg6 Bxh4
33. Bxh5 1/2-1/2

[Event "European Team Championship 2019"]
[Site "Batumi GEO"]
[Date "2019.10.26"]
[Round "3"]
[White "Solak, Dragan"]
[Black "Duda, Jan-Krzysztof"]
[Result "1/2-1/2"]
[WhiteElo "2602"]
[BlackElo "2734"]
[PlyCount "49"]
[EventDate "2019.10.24"]
[WhiteTeam "Turkey"]
[BlackTeam "Poland"]

1. e4 c5 2. Nf3 d6 3. Bb5+ Nd7 4. d4 Ngf6 5. Nc3 cxd4 6. Qxd4 g6 7. e5 dxe5 8.
Nxe5 Bg7 9. Bg5 a6 10. Bxf6 Bxf6 11. Bxd7+ Qxd7 12. Nd5 Qd6 13. Nxf6+ Qxf6 14.
O-O-O Be6 15. Rhe1 Rc8 16. Nf3 Qxd4 17. Nxd4 Bg4 18. f3 Bd7 19. b3 f6 20. Ne6
Rc6 21. Ng7+ Kd8 22. Ne6+ Ke8 23. Ng7+ Kd8 24. Ne6+ Ke8 25. Ng7+ 1/2-1/2

[Event "European Team Championship 2019"]
[Site "Batumi GEO"]
[Date "2019.10.27"]
[Round "4"]
[White "Aronian, Levon"]
[Black "Ivanchuk, Vassily"]
[Result "1/2-1/2"]
[WhiteElo "2758"]
[BlackElo "2686"]
[PlyCount "60"]
[EventDate "2019.10.24"]
[WhiteTeam "Armenia"]
[BlackTeam "Ukraine"]

1. c4 g6 2. Nc3 c5 3. g3 Bg7 4. Bg2 Nc6 5. d3 d6 6. Qd2 Qa5 7. Nd5 Qd8 8. Nc3
Qa5 9. e3 Bxc3 10. bxc3 f5 11. Nh3 Nf6 12. Rb1 Qc7 13. O-O Bd7 14. Qe2 e5 15.
f3 O-O 16. e4 fxe4 17. fxe4 Kg7 18. Bg5 Be6 19. Nf2 Rf7 20. Nd1 Raf8 21. Ne3 h6
22. Bxf6+ Rxf6 23. Rxf6 Rxf6 24. Bf3 h5 25. h4 Qf7 26. Bg2 Qd7 27. Bf3 b6 28.
Qg2 Ne7 29. Bd1 Ng8 30. Rb2 Nh6 1/2-1/2

[Event "European Team Championship 2019"]
[Site "Batumi GEO"]
[Date "2019.10.27"]
[Round "4"]
[White "Adams, Michael"]
[Black "Giri, Anish"]
[Result "1/2-1/2"]
[WhiteElo "2694"]
[BlackElo "2780"]
[PlyCount "66"]
[EventDate "2019.10.24"]
[WhiteTeam "England"]
[BlackTeam "Netherlands"]

1. e4 c5 2. Nf3 d6 3. d4 cxd4 4. Nxd4 Nf6 5. Nc3 a6 6. Bd3 e5 7. Nde2 Be7 8.
O-O Be6 9. Ng3 Nc6 10. Nh5 Nxh5 11. Qxh5 Nb4 12. Rd1 Qd7 13. Qe2 Rc8 14. a3
Nxd3 15. Qxd3 O-O 16. Be3 Rc7 17. a4 Rfc8 18. a5 Rc4 19. f3 h6 20. Bf2 Kh8 21.
Qe3 Bd8 22. Rd3 R4c6 23. Qe1 b5 24. axb6 Bxb6 25. Bxb6 Rxb6 26. Na4 Rbc6 27.
Nc3 Qb7 28. Rb1 a5 29. h3 a4 30. Kh2 Qb4 31. Qd2 a3 32. bxa3 Qxa3 33. Nd1 Qa7
1/2-1/2

[Event "European Team Championship 2019"]
[Site "Batumi GEO"]
[Date "2019.10.27"]
[Round "4"]
[White "Yilmaz, Mustafa"]
[Black "Andreikin, Dmitry"]
[Result "0-1"]
[WhiteElo "2595"]
[BlackElo "2741"]
[PlyCount "108"]
[EventDate "2019.10.24"]
[WhiteTeam "Turkey"]
[BlackTeam "Russia"]

1. d4 Nf6 2. c4 e6 3. Nf3 a6 4. Nc3 d5 5. cxd5 exd5 6. Bg5 Be6 7. Bxf6 Qxf6 8.
Qb3 b6 9. g3 Qd8 10. Bg2 Nc6 11. O-O Be7 12. Rfd1 O-O 13. Rac1 Bf6 14. e3 Ne7
15. Qc2 g6 16. b4 Bg7 17. Ne5 c5 18. bxc5 bxc5 19. Nf3 Rc8 20. dxc5 Rxc5 21.
Qd2 Qa5 22. Ne2 Rfc8 23. Rxc5 Rxc5 24. h3 Nc6 25. Nfd4 Nxd4 26. Nxd4 Qxd2 27.
Rxd2 Bxd4 28. Rxd4 Ra5 29. g4 Kf8 30. a3 Ke7 31. Rd3 g5 32. Kh2 h6 33. Kg3 Kd6
34. e4 d4 35. Rxd4+ Ke5 36. Rd3 Rb5 37. h4 a5 38. hxg5 hxg5 39. Bf3 Rb3 40.
Rxb3 Bxb3 41. Be2 Kxe4 42. Bb5 f6 43. Bd7 Bd5 44. Bf5+ Ke5 45. Bg6 Bc6 46. f3
Kd4 47. f4 Kc3 48. fxg5 fxg5 49. Kf2 Kb3 50. Ke3 Kxa3 51. Kd4 Kb2 52. Kc5 Bd7
53. Bf5 Be8 54. Kd6 a4 0-1

[Event "European Team Championship 2019"]
[Site "Batumi GEO"]
[Date "2019.10.27"]
[Round "4"]
[White "Vitiugov, Nikita"]
[Black "Can, Emre"]
[Result "1-0"]
[WhiteElo "2732"]
[BlackElo "2599"]
[PlyCount "85"]
[EventDate "2019.10.24"]
[WhiteTeam "Russia"]
[BlackTeam "Turkey"]

1. d4 Nf6 2. c4 e6 3. Nf3 d5 4. g3 dxc4 5. Bg2 c5 6. O-O Nc6 7. Qa4 Bd7 8. dxc5
Na5 9. Qa3 Rc8 10. Be3 b6 11. Nbd2 Bxc5 12. Bxc5 Rxc5 13. Rfc1 Qe7 14. b4 cxb3
15. Rxc5 Qxc5 16. Qxc5 bxc5 17. axb3 Nc6 18. Ne1 Nd5 19. Nd3 Ke7 20. Nxc5 Rb8
21. Nxd7 Kxd7 22. e3 Rb5 23. Bf1 Ra5 24. Rc1 Ndb4 25. Ne4 f5 26. Nc5+ Ke7 27.
Na4 Kd6 28. f4 Rd5 29. Nb2 Rc5 30. Bc4 Na5 31. Ra1 Nc2 32. Ra2 Nxe3 33. Nd3
Nexc4 34. bxc4 Nc6 35. Nxc5 Kxc5 36. Ra6 Kd6 37. Kf2 Kc5 38. Ke3 Kd6 39. Kd3
Kc5 40. Kc3 Kd6 41. Ra1 h6 42. Rd1+ Ke7 43. c5 1-0

[Event "European Team Championship 2019"]
[Site "Batumi GEO"]
[Date "2019.10.27"]
[Round "4"]
[White "Sanal, Vahap"]
[Black "Matlakov, Maxim"]
[Result "1/2-1/2"]
[WhiteElo "2545"]
[BlackElo "2716"]
[PlyCount "100"]
[EventDate "2019.10.24"]
[WhiteTeam "Turkey"]
[BlackTeam "Russia"]

1. e4 e5 2. Nf3 Nc6 3. Bb5 a6 4. Bxc6 dxc6 5. O-O Qf6 6. d4 exd4 7. Bg5 Qd6 8.
Qxd4 Qxd4 9. Nxd4 Bd7 10. Nc3 Ne7 11. Rad1 O-O-O 12. f3 Re8 13. Kf2 Ng6 14. Be3
Ne5 15. h4 h5 16. b3 Be7 17. Rh1 Ng6 18. g3 Ne5 19. Bf4 f6 20. Bxe5 fxe5 21.
Nf5 Bc5+ 22. Ke2 g6 23. Ne3 b5 24. Rdf1 Rhf8 25. Ncd1 a5 26. Nf2 Bd4 27. Rc1
Re7 28. Nd3 b4 29. Nc4 Rf6 30. a4 c5 31. Nxa5 Kb8 32. Nc4 Bc8 33. Ne3 c6 34.
Rcf1 Ba6 35. Rh2 Ka7 36. Rg2 Kb6 37. g4 Rh7 38. Nc4+ Bxc4 39. bxc4 hxg4 40.
Rxg4 Ka5 41. Nc1 Kxa4 42. Nb3 Ka3 43. Nxd4 cxd4 44. Rb1 c5 45. Kd2 Rxf3 46.
Ra1+ Kb2 47. Rgg1 Rf2+ 48. Kd3 Rf3+ 49. Kd2 Rf2+ 50. Kd3 Rf3+ 1/2-1/2

[Event "European Team Championship 2019"]
[Site "Batumi GEO"]
[Date "2019.10.27"]
[Round "4"]
[White "Mamedyarov, Shakhriyar"]
[Black "Navara, David"]
[Result "1/2-1/2"]
[WhiteElo "2767"]
[BlackElo "2717"]
[PlyCount "59"]
[EventDate "2019.10.24"]
[WhiteTeam "Azerbaijan"]
[BlackTeam "Czech Republic"]

1. d4 Nf6 2. c4 e6 3. Nc3 Bb4 4. Qc2 O-O 5. e4 d5 6. e5 Ne4 7. Bd3 c5 8. Nf3
cxd4 9. Nxd4 Nd7 10. Bf4 Qh4 11. g3 Qh5 12. O-O Bxc3 13. bxc3 g5 14. cxd5 exd5
15. Be3 Nxe5 16. f3 Nc5 17. Bf5 Ne6 18. Rae1 Nxd4 19. Bxd4 Nc6 20. Bc5 Bxf5 21.
Qxf5 Rfe8 22. Rxe8+ Rxe8 23. Qd7 Re2 24. Qc8+ Kg7 25. Qf8+ Kg6 26. Qg8+ Kf6 27.
Qh8+ Kg6 28. Qg8+ Kf6 29. Qh8+ Kg6 30. Qg8+ 1/2-1/2

[Event "European Team Championship 2019"]
[Site "Batumi GEO"]
[Date "2019.10.27"]
[Round "4"]
[White "Duda, Jan-Krzysztof"]
[Black "Indjic, Aleksandar"]
[Result "1-0"]
[WhiteElo "2734"]
[BlackElo "2638"]
[PlyCount "93"]
[EventDate "2019.10.24"]
[WhiteTeam "Poland"]
[BlackTeam "Serbia"]

1. d4 Nf6 2. c4 d6 3. Nc3 g6 4. e4 Bg7 5. f3 c5 6. Nge2 Nc6 7. Be3 b6 8. d5 Na5
9. Rc1 O-O 10. b3 e6 11. Ng3 exd5 12. cxd5 a6 13. Be2 Re8 14. Qd2 h5 15. O-O b5
16. Nh1 b4 17. Nd1 Bd7 18. Nhf2 Bb5 19. Re1 Nd7 20. g3 Bxe2 21. Qxe2 Nb7 22. h4
a5 23. Bg5 f6 24. Bf4 a4 25. Qb5 axb3 26. axb3 Na5 27. Rb1 Qe7 28. Ne3 Ne5 29.
Qe2 Qf8 30. Nh3 Nf7 31. Kh2 Ra7 32. Rg1 f5 33. exf5 gxf5 34. g4 fxg4 35. fxg4
Ne5 36. gxh5 Kh8 37. Rgf1 Rf7 38. h6 Bf6 39. Ng5 Bxg5 40. Bxg5 Nf3+ 41. Kg2
Nxg5 42. hxg5 Rf4 43. Qb2+ Re5 44. Kg3 Kg8 45. Rxf4 Rxe3+ 46. Kg2 Qe7 47. Qf6
1-0

[Event "European Team Championship 2019"]
[Site "Batumi GEO"]
[Date "2019.10.27"]
[Round "4"]
[White "Sedlak, Nikola"]
[Black "Wojtaszek, Radoslaw"]
[Result "1/2-1/2"]
[WhiteElo "2557"]
[BlackElo "2748"]
[PlyCount "83"]
[EventDate "2019.10.24"]
[WhiteTeam "Serbia"]
[BlackTeam "Poland"]

1. d4 Nf6 2. Nf3 d5 3. Bf4 Bf5 4. e3 e6 5. Nbd2 Bd6 6. Ne5 Nbd7 7. Be2 h6 8. h4
Ne4 9. g4 Bh7 10. Nxe4 Bxe4 11. f3 Bh7 12. Qd2 Nxe5 13. Bxe5 Bxe5 14. dxe5 Qe7
15. O-O-O O-O-O 16. Qa5 Kb8 17. Bd3 Bxd3 18. Rxd3 c5 19. f4 h5 20. g5 g6 21.
Rhd1 Qc7 22. Qd2 Rd7 23. c3 Rhd8 24. Kb1 Qc6 25. Qe2 Kc8 26. Qc2 b5 27. b4 Rc7
28. Qb2 Rdd7 29. Qa3 Qb6 30. bxc5 Rxc5 31. e4 Qc6 32. exd5 exd5 33. Kb2 Kb7 34.
Qb3 a6 35. Rd4 Ka7 36. R1d3 a5 37. Qd1 Qe6 38. Qd2 Kb8 39. Qf2 Rdc7 40. Qd2 Rd7
41. Qf2 Rdc7 42. Qd2 1/2-1/2

[Event "European Team Championship 2019"]
[Site "Batumi GEO"]
[Date "2019.10.28"]
[Round "5"]
[White "Andreikin, Dmitry"]
[Black "Aronian, Levon"]
[Result "1/2-1/2"]
[WhiteElo "2741"]
[BlackElo "2758"]
[PlyCount "85"]
[EventDate "2019.10.24"]
[WhiteTeam "Russia"]
[BlackTeam "Armenia"]

1. d4 Nf6 2. c4 e6 3. Nf3 d5 4. g3 Be7 5. Bg2 O-O 6. O-O dxc4 7. Qc2 a6 8. a4
Bd7 9. Qxc4 Bc6 10. Bg5 Nbd7 11. Nc3 h6 12. Bxf6 Nxf6 13. b4 Bd5 14. Nxd5 exd5
15. Qb3 c6 16. e3 h5 17. b5 axb5 18. axb5 Qb6 19. Rxa8 Rxa8 20. Rb1 c5 21. dxc5
Bxc5 22. h3 Qe6 23. Qc2 Qe4 24. Qxe4 Nxe4 25. Rd1 Rd8 26. Rd3 Kf8 27. Nd2 Nxd2
28. Rxd2 Ke7 29. Bxd5 f5 30. Kf1 b6 31. Ke2 Kf6 32. h4 g6 33. f3 Ke5 34. f4+
Kf6 35. Kf3 Rd7 36. Rd3 Rd8 37. e4 fxe4+ 38. Kxe4 Re8+ 39. Kf3 Rd8 40. g4 hxg4+
41. Kxg4 Rd6 42. Bc4 Rxd3 43. Bxd3 1/2-1/2

[Event "European Team Championship 2019"]
[Site "Batumi GEO"]
[Date "2019.10.28"]
[Round "5"]
[White "Sargissian, Gabriel"]
[Black "Vitiugov, Nikita"]
[Result "1/2-1/2"]
[WhiteElo "2690"]
[BlackElo "2732"]
[PlyCount "152"]
[EventDate "2019.10.24"]
[WhiteTeam "Armenia"]
[BlackTeam "Russia"]

1. d4 Nf6 2. c4 e6 3. Nf3 d5 4. g3 Be7 5. Bg2 O-O 6. O-O dxc4 7. Qc2 b6 8. Bg5
Nd5 9. Bxe7 Qxe7 10. Nbd2 b5 11. b3 c3 12. e4 cxd2 13. exd5 exd5 14. Qxd2 Qd6
15. Rac1 f6 16. Ne5 c6 17. Nd3 a5 18. Rfe1 Ra7 19. Nc5 Bf5 20. h3 b4 21. Bf1
Kh8 22. Qe3 Raf7 23. Qf3 g6 24. Bd3 Bxd3 25. Nxd3 Na6 26. Nc5 Nxc5 27. Rxc5 Ra8
28. Re3 a4 29. Qe2 axb3 30. axb3 Qd7 31. Re6 Rc8 32. Qe1 Kg7 33. Rc2 Qa7 34.
Qxb4 Rb8 35. Qc3 Qa3 36. Re3 Rb6 37. Kg2 Rfb7 38. Rce2 Rf7 39. h4 Qb4 40. Qa1
Rb8 41. Ra2 c5 42. Ra4 Qb6 43. dxc5 Qxc5 44. Qd1 Rd7 45. Qg4 Rdb7 46. Rd3 Re8
47. Qf3 Re5 48. Rf4 Rb6 49. Qd1 Rb4 50. Rxb4 Qxb4 51. Rd4 Qc5 52. Qd2 Qc6 53.
b4 Re4 54. Rxe4 dxe4 55. Kg1 h5 56. Qd4 Kf7 57. Qb2 Qb5 58. Qa2+ Ke7 59. Qa7+
Ke6 60. Qa2+ Qd5 61. Qa6+ Ke5 62. Qa5 Ke6 63. Qb6+ Kf5 64. Qb8 Qd1+ 65. Kh2 g5
66. Qc8+ Kg6 67. Qg8+ Kf5 68. Qc8+ Kg6 69. hxg5 Kxg5 70. b5 Qf1 71. Qg8+ Kh6
72. Qf8+ Kg6 73. Qe8+ Kh6 74. Qf8+ Kg6 75. Qc5 e3 76. Qxe3 Qxb5 1/2-1/2

[Event "European Team Championship 2019"]
[Site "Batumi GEO"]
[Date "2019.10.28"]
[Round "5"]
[White "Ragger, Markus"]
[Black "Duda, Jan-Krzysztof"]
[Result "1/2-1/2"]
[WhiteElo "2684"]
[BlackElo "2734"]
[PlyCount "60"]
[EventDate "2019.10.24"]
[WhiteTeam "Austria"]
[BlackTeam "Poland"]

1. d4 Nf6 2. c4 e6 3. Nf3 b6 4. g3 Bb7 5. Bg2 Bb4+ 6. Bd2 Bxd2+ 7. Qxd2 O-O 8.
O-O d6 9. Qc2 c5 10. Nc3 cxd4 11. Nxd4 Bxg2 12. Kxg2 Qc8 13. b3 Nc6 14. Rfd1 d5
15. cxd5 Nb4 16. Qb2 Nbxd5 17. Nxd5 Nxd5 18. e4 Ne7 19. Nb5 Qc6 20. Qe2 a6 21.
Nd6 Rad8 22. Rac1 Qa8 23. a4 Nc8 24. Nxc8 Rxc8 25. Rxc8 Qxc8 26. Rd6 Qc5 27.
Qd3 h6 28. Qd4 Rb8 29. Qxc5 bxc5 30. Rxa6 Rxb3 1/2-1/2

[Event "European Team Championship 2019"]
[Site "Batumi GEO"]
[Date "2019.10.28"]
[Round "5"]
[White "Wojtaszek, Radoslaw"]
[Black "Dragnev, Valentin"]
[Result "1/2-1/2"]
[WhiteElo "2748"]
[BlackElo "2550"]
[PlyCount "49"]
[EventDate "2019.10.24"]
[WhiteTeam "Poland"]
[BlackTeam "Austria"]

1. d4 Nf6 2. Nf3 d5 3. g3 Bf5 4. c4 e6 5. Nc3 h6 6. Bg2 c6 7. Qb3 Qb6 8. c5 Qc7
9. Bf4 Qc8 10. Nd2 Be7 11. e4 Bh7 12. O-O O-O 13. Rfe1 Re8 14. Rac1 Na6 15. a3
Nc7 16. e5 Nd7 17. Qd1 b6 18. b4 bxc5 19. bxc5 Qa6 20. a4 Rab8 21. Nb3 Qb7 22.
Na5 Qa6 23. Nb3 Qb7 24. Na5 Qa6 25. Nb3 1/2-1/2

[Event "European Team Championship 2019"]
[Site "Batumi GEO"]
[Date "2019.10.28"]
[Round "5"]
[White "Navara, David"]
[Black "Tutisani, Noe"]
[Result "1-0"]
[WhiteElo "2717"]
[BlackElo "2412"]
[PlyCount "51"]
[EventDate "2019.10.24"]
[WhiteTeam "Czech Republic"]
[BlackTeam "Georgia 2"]

1. Nf3 Nf6 2. c4 g6 3. Nc3 Bg7 4. e4 d6 5. d4 O-O 6. Be2 e5 7. O-O Nc6 8. d5
Ne7 9. Bg5 h6 10. Be3 Nd7 11. Nd2 f5 12. f3 f4 13. Bf2 g5 14. b4 Rf6 15. c5 Rg6
16. Rc1 a6 17. Nc4 b6 18. Na4 Rb8 19. Nxd6 cxd6 20. c6 Nc5 21. bxc5 bxc5 22.
Rb1 Rxb1 23. Qxb1 g4 24. Bh4 g3 25. Bxe7 gxh2+ 26. Kh1 1-0

[Event "European Team Championship 2019"]
[Site "Batumi GEO"]
[Date "2019.10.30"]
[Round "6"]
[White "Andreikin, Dmitry"]
[Black "Ivanchuk, Vassily"]
[Result "1-0"]
[WhiteElo "2741"]
[BlackElo "2686"]
[PlyCount "112"]
[EventDate "2019.10.24"]
[WhiteTeam "Russia"]
[BlackTeam "Ukraine"]

1. e4 c5 2. Nf3 d6 3. d4 cxd4 4. Nxd4 Nf6 5. Nc3 a6 6. g3 e6 7. Bg2 Qc7 8. O-O
Be7 9. Be3 O-O 10. g4 h6 11. f4 Nc6 12. h3 Bd7 13. Nf3 Na5 14. Nd2 b5 15. a3
Bc6 16. Qe2 Rac8 17. Qf2 Qb8 18. Ba7 Qa8 19. Bb6 Nb7 20. Bd4 Nc5 21. Rae1 Ncd7
22. g5 hxg5 23. fxg5 Ne8 24. h4 Bd8 25. Nf3 Qb7 26. Bh3 Bb6 27. h5 Nc7 28. Kh2
Bxd4 29. Qxd4 Qb6 30. Qxd6 Qc5 31. Qxc5 Nxc5 32. Ne5 Be8 33. Rd1 f6 34. gxf6
Rxf6 35. Rxf6 gxf6 36. Ng4 Kg7 37. h6+ Kg6 38. b4 Nd7 39. Ne2 Ne5 40. Nf4+ Kh7
41. Kg3 Nxg4 42. Bxg4 Kxh6 43. Bxe6 Nxe6 44. Rh1+ Kg7 45. Nxe6+ Kg6 46. Nc5 a5
47. Kf4 axb4 48. axb4 Ra8 49. e5 fxe5+ 50. Kxe5 Ra3 51. Ne4 Bc6 52. Rg1+ Kf7
53. Nd6+ Ke7 54. Rg7+ Kd8 55. Kd4 Bd7 56. Rg5 Ra2 1-0